000 01740nam a22004697a 4500
001 13590685
003 OSt
005 20210420072242.0
008 040512s2004 nyua b 001 0 eng
010 _a 2004049002
020 _a1403936390
040 _aeng
_cDLC
_deng
041 _aeng
042 _apcc
043 _an-us---
050 0 0 _aJC359
_b.L295 2004
080 _a94
_bL-19
082 0 0 _a325/.32
_222
100 1 _aLal, Deepak.
245 1 0 _aIn praise of empires :
_bglobalization and order /
_cDeepak Lal.
250 _a1st ed.
260 _aNew York :
_bPalgrave Macmillan,
_c2004.
300 _axxvi, 270 p. :
_bill. ;
_c24 cm.
365 _b26.95 usd
504 _aIncludes bibliographical references (p. [217]-262) and index.
650 0 _aImperialism.
650 0 _aHistory
_9252
650 0 _aImperialism
_xHistory.
650 0 _aInternational relations.
650 0 _aGlobalization.
650 0 _aInternational economic relations.
651 0 _aUnited States
_xForeign relations
_y2001-2009
_xForecasting.
653 _aისტორია
653 _aიმპერიალიზმი
653 _aგლობალიზაცია
856 4 2 _3Contributor biographical information
_uhttp://www.loc.gov/catdir/bios/hol057/2004049002.html
856 4 2 _3Publisher description
_uhttp://www.loc.gov/catdir/description/hol053/2004049002.html
856 4 1 _3Table of contents
_uhttp://www.loc.gov/catdir/toc/hol052/2004049002.html
906 _a7
_bcbc
_corignew
_d1
_eocip
_f20
_gy-gencatlg
942 _2udc
_cBK
_e1
999 _c516
_d516